Where Am I in Europe? Quiz Stats

 Plays Quiz Updated Dec 26, 2017

Score 0/20 Timer 04:00
2 Plays Today
% Correct
Correct,
that's Rome!
91.3%
Yes, that's
Paris!
91.1%
That sure
is Madrid!
90.2%
Yes, this is
Amsterdam!
89.7%
Right, this
is Glasgow!
87.6%
Right, this was
Oslo! Copenhagen's
to the South.
87.4%
You're right,
that's the
Black Sea!
86.4%
Correct, London's
over here.
83.9%
That's Istanbul,
alright!
83.4%
Nice work,
that's Vienna.
Warsaw's up there.
83.1%
% Correct
Right, that's Milan!
Marseille is here.
80.6%
Good work!
Belfast is in
Northern Ireland.
79.2%
Yes, Kiev
is here!
77.6%
Yes, that
was Hamburg.
Munich is
down there.
76.9%
Good job, the
North Sea is
to the west.
75.3%
That's correct, it's
St. Petersburg!
74.2%
Yes, that's
Stockholm!
72.7%
Correct, that was
the Adriatic. Aegean
is over here.
55.8%
Right, that was Minsk!
Moscow's way over here.
54.5%
Correct,
Reykjavík's here!
34%

You're not logged in!

Compare scores with friends on all Sporcle quizzes.
OR
Log In

You Might Also Like...

Show Comments

Extras

Top Quizzes Today


Score Distribution

Your Account Isn't Verified!

In order to create a playlist on Sporcle, you need to verify the email address you used during registration. Go to your Sporcle Settings to finish the process.

Report this User

Report this user for behavior that violates our Community Guidelines.

Details: